Nihon nōson no shakaiteki seikaku /

Saved in:
书目详细资料
主要作者: Fukutake, Tadashi, 1917-1989.
格式: 图书
语言:Japanese
出版: Tōkyō : Tōkyō Daigaku Shuppankai, 1949.
版:Shohan.
主题:
标签: 添加标签
没有标签, 成为第一个标记此记录!
LEADER 00884cam a2200265 a 4500
001 007740314-2
005 20024617122053.0
008 980211s1949 ja ab 000 0 jpn d
035 0 |a ocm38414218 
040 |a MdU  |c MdU  |d *YNH*  |d CStRLIN 
043 |a a-ja--- 
100 1 |6 880-01  |a Fukutake, Tadashi,  |d 1917-1989. 
245 1 0 |6 880-02  |a Nihon nōson no shakaiteki seikaku /  |c Fukutake Tadashi cho. 
250 |6 880-03  |a Shohan. 
260 |6 880-04  |a Tōkyō :  |c Tōkyō Daigaku Shuppankai,  |c 1949. 
300 |a 2, 2, 298 p. :  |b ill., maps ;  |c 22 cm. 
500 |a Colophon inserted. 
651 0 |a Japan  |x Rural conditions. 
650 0 |a Villages  |z Japan. 
880 1 |6 100-01  |a 福武直,  |d 1917- 
880 1 0 |6 245-02  |a 日本農村の社會的性格 /  |c 福武直著. 
880 |6 250-03  |a 初版. 
880 |6 260-04  |a 東京 :  |b 東京大學出版會,  |c 1949. 
988 |a 20021221 
906 |0 OCLC